00371nam a22000977a 4500008004100000040005500041100001700096245009800113260005200211300001000263230720b |||||||| |||| 00| 0 eng d aNational Science LibrarycNational Science Library1 aKolstad, G A aPulsed high intensity fission neutron sourcesc/ US Atomic Energy Commission Washington, D.C. aWashington: bUS Department of Commerce, c1965 a138p.